| 000 | 00484nam a2200157Ia 4500 | ||
|---|---|---|---|
| 008 | 151021s9999 xx 000 0 und d | ||
| 020 | _a9966213848 | ||
| 050 | _aPN 1991.3 .C4W3 2001 | ||
| 245 | _a_The Art of Radio / Jean-Michel brosseau | ||
| 260 | _aNairobi : Paulines Publications, 2001 | ||
| 300 | _a135 p. | ||
| 500 | _aIncludes index | ||
| 650 | _a_Creating Managing and Animating a Radio Station | ||
| 700 | _a_Jacques Soncin | ||
| 980 | _a^d20110421 12:24:19^okilerai | ||
| 999 |
_c7114 _d7114 |
||